Interpreter`s One-Volume Commentary on the Bible (Record no. 3052)
[ view plain ]
| 000 -LEADER | |
|---|---|
| fixed length control field | 00622nam a2200241 a 4500 |
| 020 ## - INTERNATIONAL STANDARD BOOK NUMBER | |
| ISBN | 0687994 |
| 082 00 - DEWEY DECIMAL CLASSIFICATION NUMBER | |
| Classification number | 220.7 |
| Author Cutter | LAY |
| 100 ## - MAIN ENTRY--AUTHOR NAME | |
| Author name | Laymon, Charles M |
| 245 ## - TITLE STATEMENT | |
| Title | Interpreter`s One-Volume Commentary on the Bible |
| 260 ## - PUBLICATION, DISTRIBUTION, ETC. (IMPRINT) | |
| Place of publication | New York |
| Name of publisher | Abingdon Press |
| Year of publication | 1971 |
| 300 ## - PHYSICAL DESCRIPTION | |
| Number of Pages | 1386p |
| 500 ## - GENERAL NOTE | |
| General note | includes index and biblioraphy |
| 505 2# - FORMATTED CONTENTS NOTE | |
| Formatted contents note | Indices, Maps |
| 650 ## - SUBJECT ADDED ENTRY--TOPICAL TERM | |
| Topical Term | Bible-Commentaries |
| 942 ## - ADDED ENTRY ELEMENTS (KOHA) | |
| Koha item type | Books |
| 700 1# - | |
| -- | Laymon, Charles M |
| Collection code | Home library | Current library | Shelving location | Date acquired | Cost, normal purchase price | Full call number | Accession Number | Koha item type |
|---|---|---|---|---|---|---|---|---|
| Reference | Henry Martyn Institute Library | Henry Martyn Institute Library | Reference | 06/18/2007 | 129.00 | 220.7 LAY | 06330 | Books |
